| 000 | 00506nam a2200217Ia 4500 | ||
|---|---|---|---|
| 008 | 210210b xxu||||| |||| 00| 0 eng d | ||
| 041 | _aeng | ||
| 082 | _a384/54 | ||
| 100 | _aMOOKHERJEA (Siva Prasad) | ||
| 245 | _aHandbook of economic geography Vol II | ||
| 260 |
_aCalcutta _bH Chatterjee & Co Ltd. _c |
||
| 300 | _ax,96 | ||
| 440 | _a2 | ||
| 650 | _aVol | ||
| 650 | _aII | ||
| 650 | _aHandbook | ||
| 650 | _ageography | ||
| 650 | _aeconomic | ||
| 690 | _aEconomic Geography | ||
| 906 | _a005450 | ||
| 999 |
_c125466 _d125466 |
||